000 00389nam a22001457a 4500
020 _a9787508534251
082 _a363.32516
_bWEI 2019
100 _aLi, Wei,
245 _aChina and international anti-terrorism
_cLi, Wei,
260 _aChina
_bIntercontinental press
_c2019
300 _a268p
563 _aPB
942 _2ddc
_cBK
999 _c588796
_d588796